000 00908nam a2200241Ia 4500
003 OSt
005 20220923222952.0
006 a|||||r|||| 00| 0
007 ta
008 220922b |||||||| |||| 00| 0 hin d
024 _a209,302
037 _cTextual
040 _aARTS
_cARTS
_bhin
041 _2hin
_ahin
082 _aO152,3N6:g(Y:3), M1
100 _aलोधा, अमरसिंह जगतराम
_9160180
245 0 _aप्रेमचंदोत्तर हिन्दी उपन्यासों में सामाजिक चेतना
246 _aPremachandottar hindī upanyāsoan mean sāmājik chetanā
260 _aअहमदाबाद
_b अमर प्रका0
_c1981
300 _a368पृ.
_ccm.
942 _hO152,3N6:g(Y:3), M1
_cTEXL
_2CC
999 _c359875
_d359875